header

Subordination and coordination strategies in North Asian languages (Record no. 23285)

MARC details
000 -LEADER
fixed length control field 02139nam a2200385Ia 4500
082 04 - DEWEY DECIMAL CLASSIFICATION NUMBER
Classification number 494/.6
245 00 - TITLE STATEMENT
Title Subordination and coordination strategies in North Asian languages
260 ## - PUBLICATION, DISTRIBUTION, ETC. (IMPRINT)
Place of publication Amsterdam ;
-- Philadelphia :
Name of publisher John Benjamins Pub.,
Year of publication c2008.
300 ## - PHYSICAL DESCRIPTION
Number of Pages xi, 218 p. :
Other physical details ill., map.
490 1# - SERIES STATEMENT
Series statement Amsterdam studies in the theory and history of linguistic science. Series IV, Current issues in linguistic theory ;
500 ## - GENERAL NOTE
General note "Originally presented at the "Third International Symposium on the Languages Spoken in Europe and North and Central Asia" ('LENCA-3') held at Tomsk State Pedagogical University in Tomsk, Russian Federation, during June 27-30, 2006"--Foreword.
650 #0 - SUBJECT ADDED ENTRY--TOPICAL TERM
Topical Term Language and languages
700 1# - ADDED ENTRY--PERSONAL NAME
Personal name Vajda, Edward J.
856 40 - ELECTRONIC LOCATION AND ACCESS
Uniform Resource Identifier http://site.ebrary.com/lib/rucke/Doc?id=10269347

No items available.

© 2026 Rongo University
Contact us: librarian | system librarian | Rongo university